Ready Reconer for ICAR-ALEEA UG (Record no. 215)
[ view plain ]
| 000 -LEADER | |
|---|---|
| fixed length control field | 00341nam a22001457a 4500 |
| 020 ## - INTERNATIONAL STANDARD BOOK NUMBER | |
| International Standard Book Number | 978-93-88173-84-1 |
| 041 ## - LANGUAGE CODE | |
| Language code of text/sound track or separate title | ENG |
| 100 ## - MAIN ENTRY--PERSONAL NAME | |
| Personal name | Sharma R.K |
| 245 ## - TITLE STATEMENT | |
| Title | Ready Reconer for ICAR-ALEEA UG |
| 260 ## - PUBLICATION, DISTRIBUTION, ETC. (IMPRINT) | |
| Place of publication, distribution, etc | New Delhi |
| Name of publisher, distributor, etc | Actral |
| Date of publication, distribution, etc | 2019 |
| 300 ## - PHYSICAL DESCRIPTION | |
| Extent | 835 |
| 650 ## - SUBJECT ADDED ENTRY--TOPICAL TERM | |
| Topical term or geographic name as entry element | Competitive Exam |
| 700 ## - ADDED ENTRY--PERSONAL NAME | |
| Personal name | Chavan .U.D |
| 856 ## - ELECTRONIC LOCATION AND ACCESS | |
| Uniform Resource Identifier | Competitive Exam |
| Withdrawn status | Lost status | Source of classification or shelving scheme | Damaged status | Not for loan | Home library | Current library | Date acquired | Cost, normal purchase price | Total Checkouts | Barcode | Date last seen | Price effective from | Koha item type |
|---|---|---|---|---|---|---|---|---|---|---|---|---|---|
| Dewey Decimal Classification | College of Agricultural Engineering and Technology, Dapoli , Library | Liberty | 22/01/2021 | 795.00 | 007828 | 22/01/2021 | 22/01/2021 | Books | |||||
| Dewey Decimal Classification | College of Agricultural Engineering and Technology, Dapoli , Library | Liberty | 22/01/2021 | 795.00 | 007829 | 22/01/2021 | 22/01/2021 | Books |